| LEADER | 00846nam a2200253 a 4500 | ||
|---|---|---|---|
| 001 | GR-MES1875 | ||
| 008 | 991111s nyu 000 b eng d | ||
| 020 | |a 0306308045 | ||
| 040 | |a GrPaTEI |b gre |c GR-PaULI | ||
| 245 | 0 | 0 | |a Culture of marine invertebrate animals. |
| 260 | |a New York : |b Plenum, |c c1975 | ||
| 300 | |a 338σελ. : |b σχημ. | ||
| 650 | 4 | |a Ασπόνδυλα | |
| 650 | 4 | |a Βιολογία | |
| 650 | 4 | |a ΘΑΛΑΣΣΑ | |
| 650 | 4 | |a ΟΣΤΡΑΚΑ | |
| 650 | 4 | |a Συνέδρια | |
| 700 | 1 | |a Chanley, M. | |
| 700 | 1 | |a Smith, W. | |
| 710 | 0 | |a Plenum | |
| 942 | |2 ddc | ||
| 952 | |0 0 |1 0 |2 ddc |4 0 |6 639_400000000000000_SMI |7 0 |9 266165 |a MSLG |b MSLG |c BSC |d 2021-01-17 |e 24 |f 0 |g 0.00 |l 0 |o 639.4 SMI |p 2420000006208 |r 2021-01-17 00:00:00 |t 1 |w 2021-01-17 |y BK15 |x 19991111 0 1 |x GrPaTEI | ||
| 971 | |a .b25729196 |b 15-04-20 |c 13-09-16 | ||
| 999 | |c 153063 |d 153063 | ||